Government review of waste policy in England 2011 (Record no. 112397)

MARC details
000 -LEADER
fixed length control field 01346cad a22001935a 4500
001 - CONTROL NUMBER
control field L153149
008 - FIXED-LENGTH DATA ELEMENTS--GENERAL INFORMATION
fixed length control field 110614s2011 xxk f 000 0 eng d
035 ## - SYSTEM CONTROL NUMBER
System control number (Sirsi) u153149
041 0# - LANGUAGE CODE
Language code of text/sound track or separate title eng
110 2# - MAIN ENTRY--CORPORATE NAME
Corporate name or jurisdiction name as entry element United Kingdom
Subordinate unit Department for Environment, Food and Rural Affairs
245 00 - TITLE STATEMENT
Title Government review of waste policy in England 2011
Medium [electronic resource]
260 ## - PUBLICATION, DISTRIBUTION, ETC.
Place of publication, distribution, etc. London
Name of publisher, distributor, etc. DEFRA
Date of publication, distribution, etc. 2011
520 ## - SUMMARY, ETC.
Summary, etc. Results of government's comprehensive review of waste. The review sets out a number of priorities including a consultation next year on introducing a landfill restriction on wood waste and review the case for introducing landfill bans on other materials, such as metals, textiles and all biodegradable waste. Also there area plans to accelerate recycling and reduce waste creation by providing incentives for householders, recycling on the go schemes and better services for business. There will also be a crackdown on illegal fly-tippers with appropriate powers to look at penalties that might include offenders clearing up items they have dumped.
590 ## - LOCAL NOTE (RLIN)
Local note KA NTK
651 #4 - SUBJECT ADDED ENTRY--GEOGRAPHIC NAME
Geographic name ENGLAND AND WALES
690 ## - LOCAL SUBJECT ADDED ENTRY--TOPICAL TERM (OCLC, RLIN)
Topical term or geographic name as entry element ENVIRONMENTAL AND LAND CONSULTANCY-WASTE MANAGEMENT
856 40 - ELECTRONIC LOCATION AND ACCESS
Uniform Resource Identifier <a href="https://www.defra.gov.uk/publications/files/pb13540-waste-policy-review110614.pdf">https://www.defra.gov.uk/publications/files/pb13540-waste-policy-review110614.pdf</a>
Public note View the item free of charge at www.defra.gov.uk
942 ## - ADDED ENTRY ELEMENTS (KOHA)
Suppress in OPAC 0
Holdings
Withdrawn status Lost status Source of classification or shelving scheme Damaged status Not for loan Home library Current library Shelving location Date acquired Total Checkouts Full call number Barcode Date last seen Copy number Price effective from Koha item type
    Dewey Decimal Classification     Virtual Virtual Online 14/06/2011   ONLINE PUBLICATION 153149-2001 06/08/2019 1 06/08/2019 Book